| 000 | 01392nam0a22003011 4500 | ||
|---|---|---|---|
| 001 | rc\3468223 | ||
| 005 | 20250610122507.0 | ||
| 021 |
_aRU _b[72-37535ж] |
||
| 035 | _a(NLR Aleph) 007898779 | ||
| 090 |
_a8024711 _c8024711 |
||
| 100 | _a20130115d1972 |||y0rusy50 ca | ||
| 101 | 0 | _arus | |
| 102 | _aRU | ||
| 105 | _aab z ||||| | ||
| 200 | 1 |
_aОсновные проблемы териологии _e[Сборник статей _fОтв. ред. А.А. Насимович] _iЭволюция, зоогеография, экология и морфология млекопитающих и происхождение домашних животных |
|
| 210 |
_aМосква _cНаука _d1972 |
||
| 215 |
_a255 с. _cил., карт. _d26 |
||
| 225 | 1 |
_a[АН СССР. Труды Московского общества испытателей природы _fОтдел биологии. Секция зоологии] _vТ. 48 |
|
| 300 | _aРез. статей на англ. яз. | ||
| 320 | _aСписки лит. в конце статей | ||
| 606 |
_aТериология _jСборники _2psbo |
||
| 702 | 1 |
_4340 _7ca _8rus _aНасимович _bА. А. _f1909-1983 _gАндрей Александрович _9249194 _3RU\NLR\AUTH\770249250 |
|
| 801 | 0 |
_aRU _bNLR _gpsbo |
|
| 801 | 1 |
_aRU _bELAR _2rusmarc |
|
| 852 |
_aNLR _jП8/150 |
||
| 942 | _cBOOK | ||
| 980 | _aNB | ||